000 00647nam a22001577a 4500
003 macl
005 20210715155120.0
008 210715b xxu||||| |||| 00| 0 eng d
040 _cmacl
082 _a891.433/S/PRA
100 _aप्रभाकर ,विष्‍णु
_94847
245 _aसंस्‍कृत साहित्‍य रत्‍नावली ;भाग -2 कालिदास की काव्‍य -रचनाएं
260 _aदिल्‍ली
_bसस्‍ता साहित्‍य मण्‍डल प्रकाशन
_c2017
650 _aकहानी
_980981
942 _2ddc
_cHIN
999 _c64187
_d64187